Hồ Chí Minh biên niên tiểu sử
Giới thiệu những sự kiện cơ bản về những hoạt động sôi động, phong phú trong cuộc đời và sự nghiệp của Nguyễn Ái Quốc - Hồ Chí Minh từ đầu năm 1930, khi thành lập Đảng đến tháng 9-1945, khi nước Việt Nam Dân chủ Cộng hoà ra đời....
সংরক্ষণ করুন:
| প্রধান লেখক: | |
|---|---|
| বিন্যাস: | গ্রন্থ |
| ভাষা: | Undetermined |
| প্রকাশিত: |
Hà Nội
Chính trị Quốc gia
2006
|
| বিষয়গুলি: | |
| ট্যাগগুলো: |
ট্যাগ যুক্ত করুন
কোনো ট্যাগ নেই, প্রথমজন হিসাবে ট্যাগ করুন!
|
| Thư viện lưu trữ: | Trung tâm Học liệu Trường Đại học Cần Thơ |
|---|
| LEADER | 01044nam a2200205Ia 4500 | ||
|---|---|---|---|
| 001 | CTU_115467 | ||
| 008 | 210402s9999 xx 000 0 und d | ||
| 082 | |a 959.704092 | ||
| 082 | |b K600/T.1 | ||
| 100 | |a Đặng, Xuân Kỳ | ||
| 245 | 0 | |a Hồ Chí Minh biên niên tiểu sử | |
| 245 | 0 | |c Đặng Xuân Kỳ (Tổng chủ biên) ; Song Thành (Phó tổng chủ biên) ; Nguyễn Huy Hoan (Chủ biên) | |
| 260 | |a Hà Nội | ||
| 260 | |b Chính trị Quốc gia | ||
| 260 | |c 2006 | ||
| 520 | |a Giới thiệu những sự kiện cơ bản về những hoạt động sôi động, phong phú trong cuộc đời và sự nghiệp của Nguyễn Ái Quốc - Hồ Chí Minh từ đầu năm 1930, khi thành lập Đảng đến tháng 9-1945, khi nước Việt Nam Dân chủ Cộng hoà ra đời. | ||
| 650 | |a Ho Chi Minh,Communists | ||
| 650 | |z Vietnam | ||
| 904 | |i Giang | ||
| 980 | |a Trung tâm Học liệu Trường Đại học Cần Thơ | ||